Vista normal
Vista MARC
Entrada Personal Name
Número de registros utilizados en: 1
001 - CONTROL NUMBER
- control field: 13645
003 - CONTROL NUMBER IDENTIFIER
- control field: DLC
005 - DATE AND TIME OF LATEST TRANSACTION
- control field: 20230123094712.0
008 - FIXED-LENGTH DATA ELEMENTS
- fixed length control field: 881108n| azannaabn |b aaa
010 ## - LIBRARY OF CONGRESS CONTROL NUMBER
- LC control number: n 88054514
035 ## - SYSTEM CONTROL NUMBER
- System control number: (OCoLC)oca02398984
040 ## - CATALOGING SOURCE
- Original cataloging agency: DLC
- Language of cataloging: spa
- Description conventions: rda
- Transcribing agency: Mx-PuUPA
- Modifying agency: DLC
- Modifying agency: OCoLC
- Modifying agency: DLC
- Modifying agency: Mx-PuUPA
046 ## - SPECIAL CODED DATES
- Birth date: 1958
100 1# - HEADING--PERSONAL NAME
- Personal name: Holford, Patrick,
- Dates associated with a name: 1958-
374 ## - OCCUPATION
- Occupation: Autor
375 ## - GENDER
- Gender: hombre
377 ## - ASSOCIATED LANGUAGE
- Language code: eng
400 1# - SEE FROM TRACING--PERSONAL NAME
- Personal name: הולפורד, פטריק
670 ## - SOURCE DATA FOUND
- Source citation: His The family nutrition workbook, 1988:
- Information found: t.p. (Patrick Holford, B.Sc.)
670 ## - SOURCE DATA FOUND
- Source citation: The h-factor solution, c2003:
- Information found: ECIP t.p. (Patrick Holford) data view (b. January 12, 1953)
670 ## - SOURCE DATA FOUND
- Source citation: Optimum nutrition for the mind, c2004:
- Information found: ECIP t.p. (Patrick Holford) data view (b. March 22, 1958)